| 000 | 00603nam a22001697a 4500 | ||
|---|---|---|---|
| 082 | _aP-809 | ||
| 100 |
_aAhmad, Syed Aleem _951616 |
||
| 245 |
_aAnalysis of traffic congestion on mall road rawalpindi (Charging cross to MH intersection) for its transformation into a singnal free throughfare by using PIV VISSIM _bSyn-10 |
||
| 260 |
_aRisalpur, _bMCE, _c2019. |
||
| 300 |
_a77p. _bill. _c30cm. |
||
| 526 |
_a0 _b0 _c0 _dP_809 |
||
| 700 |
_aDr Muhammad Bilal Khurshid _916538 |
||
| 700 |
_aKarim, Ishfaq _951617 |
||
| 700 |
_aRiaz, Naveed _951618 |
||
| 700 |
_aRizwan, Muhammad _923559 |
||
| 942 |
_2ddc _cBK |
||
| 999 |
_c554246 _d554246 |
||